[Event "Lienz op-A 18th"]
[Site "Lienz"]
[Date "2015.02.14"]
[Round "9"]
[White "Huber, Johannes"]
[Black "Reinhard, Ralf Peter"]
[Result "0-1"]
[WhiteElo "1995"]
[BlackElo "1856"]
[PlyCount "102"]
[EventDate "2015.02.07"]
[EventType "swiss"]
[EventRounds "9"]
[EventCountry "AUT"]
[SourceTitle "CBM 164 Extra"]
[Source "ChessBase"]
[SourceDate "2015.03.02"]
[SourceVersion "1"]
[SourceVersionDate "2015.03.02"]
[SourceQuality "1"]

1. Nf3 c5 2. c4 g6 3. g3 Bg7 4. Bg2 Nf6 5. 0-0 0-0 6. d4 cxd4 7. Nxd4 d6 8. Qb3 Qd7 9. Rd1 Na6 10. Nc3 Nc5 11. Qc2 Rb8 12. b4 Ne6 13. Nb3 Ne8 14. Be3 b6 15. Rac1 Bb7 16. Nd5 N8c7 17. Bh3 f5 18. Bg2 Rfc8 19. Qd2 Qe8 20. Bg5 Nxg5 21. Qxg5 Nxd5 22. Bxd5+ Bxd5 23. Rxd5 Qf7 24. Qd2 Rc7 25. c5 Rbc8 26. cxb6 Rxc1+ 27. Nxc1 axb6 28. Rd3 Qc4 29. Nb3 Bf6 30. e3 Bc3 31. Qd1 Bxb4 32. Rd4 Qc3 33. Qf3 Qe1+ 34. Kg2 Rc2 35. Rd1 Rxf2+ 36. Qxf2 Qxd1 37. Qf4 Qc2+ 38. Kh3 Qe4 39. Qf1 Bc5 40. Nxc5 dxc5 41. Qb5 Qe6 42. Qe8+ Kg7 43. Kh4 Qe4+ 44. Kh3 h5 45. a4 h4 46. Qb5 hxg3 47. Kxg3 Qxe3+ 48. Kg2 f4 49. Qxb6 f3+ 50. Kg3 f2+ 51. Kg2 Qe2 0-1

[Event "Lienz op-A 18th"]
[Site "Lienz"]
[Date "2015.02.12"]
[Round "7"]
[White "Di Lazzaro, Gabriele"]
[Black "Huber, Johannes"]
[Result "1/2-1/2"]
[WhiteElo "1931"]
[BlackElo "1995"]
[PlyCount "65"]
[EventDate "2015.02.07"]
[EventType "swiss"]
[EventRounds "9"]
[EventCountry "AUT"]
[SourceTitle "CBM 164 Extra"]
[Source "ChessBase"]
[SourceDate "2015.03.02"]
[SourceVersion "1"]
[SourceVersionDate "2015.03.02"]
[SourceQuality "1"]

1. d4 d5 2. Nc3 Nf6 3. Bg5 e6 4. e4 dxe4 5. Nxe4 Be7 6. Bxf6 Bxf6 7. Nf3 Nd7 8. Bd3 b6 9. Qe2 0-0 10. 0-0-0 Qe7 11. g4 c5 12. c3 cxd4 13. cxd4 g6 14. g5 Bg7 15. h4 Bb7 16. Kb1 Bd5 17. h5 Qb4 18. hxg6 fxg6 19. Rh4 Qa4 20. Nc3 Qc6 21. Nxd5 exd5 22. Rdh1 Rf7 23. Rxh7 Raf8 24. R7h3 Qd6 25. Bb5 Nb8 26. Ba4 a6 27. Qd3 b5 28. Bc2 Nc6 29. a3 Rf4 30. Qxg6 Qxg6 31. Bxg6 Nxd4 32. Nxd4 Bxd4 33. Rd1 1/2-1/2

[Event "Lienz op-A 18th"]
[Site "Lienz"]
[Date "2015.02.07"]
[Round "1"]
[White "Mazi, Leon"]
[Black "Huber, Johannes"]
[Result "1-0"]
[WhiteElo "2359"]
[BlackElo "1995"]
[PlyCount "85"]
[EventDate "2015.02.07"]
[EventType "swiss"]
[EventRounds "9"]
[EventCountry "AUT"]
[SourceTitle "CBM 164 Extra"]
[Source "ChessBase"]
[SourceDate "2015.03.02"]
[SourceVersion "1"]
[SourceVersionDate "2015.03.02"]
[SourceQuality "1"]

1. e4 c6 2. d4 d5 3. Nc3 dxe4 4. Nxe4 Nd7 5. Ng5 Ngf6 6. Bc4 e6 7. Qe2 Nb6 8. Bb3 Qxd4 9. N1f3 Bb4+ 10. c3 Bxc3+ 11. Kf1 Qb4 12. bxc3 Qxc3 13. Bb2 Qb4 14. Rd1 h6 15. Rd8+ Kxd8 16. Nxf7+ Ke8 17. Nxh8 Nbd5 18. Ng6 a5 19. Nd4 Nc3 20. Bxc3 Qxc3 21. Nxe6 Qc1+ 22. Qe1 Qxe1+ 23. Kxe1 Bxe6 24. Bxe6 Rd8 25. f4 Ne4 26. Ke2 Rd2+ 27. Kf3 Nc5 28. Bg8 Rd3+ 29. Kg4 Re3 30. Rd1 b5 31. Kf5 Ne4 32. Ne5 Nf6 33. Bf7+ Ke7 34. Be6 Rc3 35. Ng6+ Ke8 36. Rd6 Rc5+ 37. Ne5 Ke7 38. Rxc6 g6+ 39. Kxg6 Rxc6 40. Nxc6+ Kxe6 41. f5+ Kd6 42. Kxf6 Kxc6 43. Kg7 1-0

[Event "Austrian Eisenbahner-ch"]
[Site "St Veit"]
[Date "2013.05.30"]
[Round "1.3"]
[White "Huber, Johannes"]
[Black "Martic, Mato"]
[Result "1-0"]
[WhiteElo "1995"]
[BlackElo "1813"]
[PlyCount "65"]
[EventDate "2013.05.30"]
[EventType "swiss"]
[EventRounds "3"]
[EventCountry "AUT"]
[SourceTitle "EXT 2024"]
[Source "ChessBase"]
[SourceDate "2023.10.10"]
[SourceVersion "1"]
[SourceVersionDate "2023.10.10"]
[SourceQuality "1"]

1. Nf3 Nf6 2. d4 g6 3. c4 Bg7 4. Nc3 d5 5. c5 Ne4 6. Qb3 Nxc3 7. Qxc3 0-0 8. Bf4 a5 9. e3 c6 10. Bd3 Nd7 11. 0-0 b6 12. Ne5 Nxe5 13. Bxe5 Bxe5 14. dxe5 b5 15. Rad1 Qc7 16. f4 b4 17. Qd4 Bg4 18. Rd2 f6 19. f5 Bxf5 20. Bxf5 gxf5 21. Rxf5 fxe5 22. Rxe5 Rf6 23. Rg5+ Kh8 24. Rf2 Raf8 25. Rxf6 exf6 26. Rf5 Qe7 27. Kf2 Kg8 28. a3 bxa3 29. bxa3 h6 30. Rf3 Rf7 31. a4 Kh7 32. Qc3 Qd8 33. Qd3+ 1-0

[Event "Lienz op 17th"]
[Site "Lienz"]
[Date "2013.02.10"]
[Round "3"]
[White "Grubauer, Gerhard"]
[Black "Huber, Johannes"]
[Result "0-1"]
[WhiteElo "1802"]
[BlackElo "1985"]
[PlyCount "70"]
[EventDate "2013.02.09"]
[EventType "swiss"]
[EventRounds "9"]
[EventCountry "AUT"]
[SourceTitle "CBM 152 Extra"]
[Source "ChessBase"]
[SourceDate "2013.02.25"]
[SourceVersion "1"]
[SourceVersionDate "2013.02.25"]
[SourceQuality "1"]

1. e4 c6 2. d4 d5 3. Nc3 dxe4 4. Nxe4 Nd7 5. Bc4 Ngf6 6. Ng3 g6 7. Nf3 Bg7 8. h3 0-0 9. Be3 Qc7 10. 0-0 Nb6 11. Bb3 Nfd5 12. c4 Nxe3 13. fxe3 Qxg3 14. Kh1 Bf5 15. Qe2 Rad8 16. e4 Bc8 17. c5 Na8 18. Rad1 b6 19. Qc4 b5 20. Qc1 e6 21. e5 f6 22. Rfe1 fxe5 23. Nxe5 Rf2 24. Rg1 Bxe5 25. dxe5 Rdf8 26. Rde1 Nc7 27. Re3 Qf4 28. Qc3 Nd5 29. Bxd5 cxd5 30. Rg3 b4 31. Qd3 Rf5 32. Re1 Rf1+ 33. Rxf1 Qxf1+ 34. Qxf1 Rxf1+ 35. Kh2 Rc1 0-1

[Event "Lienz op 17th"]
[Site "Lienz"]
[Date "2013.02.10"]
[Round "2"]
[White "Huber, Johannes"]
[Black "Heinig, Wolfram"]
[Result "0-1"]
[WhiteElo "1985"]
[BlackElo "2329"]
[PlyCount "82"]
[EventDate "2013.02.09"]
[EventType "swiss"]
[EventRounds "9"]
[EventCountry "AUT"]
[SourceTitle "CBM 152 Extra"]
[Source "ChessBase"]
[SourceDate "2013.02.25"]
[SourceVersion "1"]
[SourceVersionDate "2013.02.25"]
[SourceQuality "1"]

1. d4 Nf6 2. c4 d6 3. Nc3 Nbd7 4. e4 e5 5. d5 Nc5 6. Qc2 a5 7. Be3 Be7 8. Be2 0-0 9. Bxc5 dxc5 10. Nf3 Bd6 11. 0-0 Nh5 12. Ne1 Nf4 13. Nd3 Qg5 14. Nxf4 exf4 15. Bf3 Bh3 16. Qe2 Rae8 17. Kh1 Bd7 18. Rae1 Qh4 19. Rg1 Be5 20. Nb5 f5 21. Qd2 Qf6 22. d6 cxd6 23. Rd1 Bc6 24. Nc7 fxe4 25. Nxe8 Rxe8 26. Bh5 g6 27. Bg4 Qh4 28. f3 h5 29. Bh3 exf3 30. Qd3 Kf7 31. gxf3 Qxh3 32. Qxg6+ Ke7 33. Rd5 Qxf3+ 34. Rg2 Bxd5 35. cxd5 Qd1+ 36. Rg1 Qxd5+ 37. Rg2 f3 38. Qg5+ Kd7 39. Rd2 Qe4 40. Rf2 Qe1+ 41. Qg1 Bd4 0-1